300 K-Pop Idols Quiz Stats

 Plays Quiz not verified by Sporcle

Support Sporcle.
Go Orange.
Score 0/300 Timer 20:00
0 Plays Today
Hint Answer % Correct
BTSV
97.7%
BTSJin
97.5%
BlackpinkLisa
96.6%
BlackpinkRosé
96.3%
SeventeenJoshua
96.3%
MamamooSolar
96%
BlackpinkJisoo
96%
A.C.EJun
95.8%
SeventeenJun
95.8%
MamamooMoonbyul
95.5%
BIGBANGG-Dragon
95.5%
BTSJimin
95.5%
ATEEZSan
95.5%
EXOD.O
95.5%
BIGBANGTaeyang
95.2%
WinnerMino
95.2%
BTSRM
95.2%
BTSSuga
95.2%
Day6Jae
94.9%
Nu’EstJR
94.9%
TXTHuening Kai
94.9%
BTSJungkook
94.9%
MamamooWheein
94.6%
SHINeeKey
94.6%
Red VelvetIrene
94.6%
Red VelvetJoy
94.6%
Stray KidsLee Know
94.6%
MamamooHwasa
94.4%
SHINeeJonghyun
94.4%
SHINeeMinho
94.4%
SHINeeTaemin
94.4%
A.C.EChan
94.4%
GOT7Mark
94.4%
iKONChan
94.4%
VictonChan
94.4%
Stray KidsBang Chan
94.4%
SeventeenDino
94.4%
NCTMark
94.4%
BIGBANGT.O.P
94.1%
BlackpinkJennie
94.1%
SHINeeOnew
94.1%
Red VelvetSeulgi
94.1%
Red VelvetWendy
94.1%
BTSJ-Hope
94.1%
GOT7BamBam
93.5%
GOT7Jackson
93.2%
EXOKai
93.2%
Nu’EstRen
92.9%
Stray KidsHan
92.9%
Red VelvetYeri
92.4%
GOT7Jaebum
92.4%
K.A.R.DBM
91.8%
MonstaXMinhyuk
91.8%
BTOBMinhyuk
91.8%
Stray KidsFelix
91.8%
Stray KidsI.N
91.8%
EXOChen
91.8%
The BoyzEric
91.8%
B1A4Jinyoung
91.5%
GOT7Jinyoung
91.5%
TwiceTzuyu
91.5%
2NE1CL
91.2%
ASTROCha Eunwoo
91.2%
TwiceMomo
91.2%
TwiceSana
91.2%
GOT7Yugyeom
91%
iKONBobby
91%
iKONDK
91%
EXOSuho
91%
VIXXN
90.7%
MonstaXI.M
90.7%
EXOChanyeol
90.7%
EXOSehun
90.7%
TXTSoobin
90.4%
EXOXiumin
90.4%
EXOBaekhyun
90.4%
MonstaXShownu
90.1%
TwiceJihyo
90.1%
TwiceNayeon
90.1%
EXOLay
90.1%
SeventeenDK
90.1%
Block BTaeil
89.8%
TwiceMina
89.8%
NCTTaeil
89.8%
InfiniteL
89.5%
SeventeenVernon
89.5%
B.A.PYoungjae
89.3%
GOT7Youngjae
89.3%
K.A.R.DJ.Seph
89%
N.FlyingJaehyun
89%
Block BZico
89%
Stray KidsHyunjin
89%
TwiceDahyun
89%
The BoyzHyunjae
89%
NCTJaehyun
89%
2NE1Park Bom
88.7%
TXTTaehyun
88.7%
ASTROMoonbin
88.7%
SeventeenWoozi
88.7%
NCTTaeyong
88.7%
Hint Answer % Correct
NCTWinwin
88.7%
NCTLucas
88.4%
MonstaXJooheon
88.1%
NCTJohnny
88.1%
BIGBANGDaesung
87.9%
MonstaXKihyun
87.9%
Stray KidsChangbin
87.9%
TwiceChaeyoung
87.9%
SeventeenS.Coups
87.9%
SeventeenThe8
87.9%
Day6Young K
87.6%
Day6Wonpil
87.6%
ASTRORocky
87.6%
ASTROSanha
87.6%
NCTTen
87.3%
NCTJisung
87%
Stray KidsSeungmin
86.7%
Super JuniorHeechul
86.7%
ASTROMJ
86.4%
BTOBPeniel
86.4%
PentagonHui
86.4%
SeventeenHoshi
86.4%
SeventeenMingyu
86.4%
NCTHaechan
86.4%
TreasureDoyoung
86.2%
NCTDoyoung
86.2%
NCTJeno
86.2%
NCTChenle
86.2%
ASTROJinJin
85.9%
TwiceJeongyeon
85.9%
TXTBeomgyu
85.6%
InfiniteSunggyu
85.6%
iKONB.I
85.3%
CLCSorn
85.3%
SeventeenWonwoo
85.3%
NCTYuta
85.3%
NCTJaemin
85.3%
MonstaXHyungwon
85%
SF9Taeyang
85%
TXTYeonjun
84.7%
NCTKun
84.7%
NCTRenjun
84.7%
NCTYangyang
84.5%
ATEEZWooyoung
84.2%
SeventeenSeungkwan
84.2%
NCTHendery
84.2%
K.A.R.DSomin
83.9%
2NE1Dara
83.6%
ATEEZMingi
83.6%
SeventeenJeonghan
83.3%
NCTXiaojun
83.3%
K.A.R.DJiwoo
83.1%
NCTJungwoo
83.1%
NCTShotaro
83.1%
Super JuniorLeeteuk
82.8%
iKONJune
82.5%
SF9Rowoon
82.5%
Super JuniorShindong
81.6%
Nu’EstBaekho
81.4%
GFriendUmji
81.4%
DreamcatcherSuA
81.4%
VIXXLeo
81.1%
iKONJay
81.1%
ATEEZHongjoong
81.1%
NCTSungchan
81.1%
SistarHyolyn
80.8%
GFriendSinB
80.8%
VIXXRavi
80.8%
2NE1Minzy
80.5%
ATEEZSeonghwa
80.5%
ATEEZJongho
80.5%
The BoyzQ
80.5%
Nu’EstMinhyun
80.2%
Nu’EstAron
79.9%
Day6Dowoon
79.7%
iKONSong
79.4%
Super JuniorSiwon
79.4%
GFriendSowon
79.1%
ATEEZYunho
78.8%
ATEEZYeosang
78.8%
The BoyzKevin
78.8%
BTOBSungjae
78.5%
PentagonKino
78.5%
WinnerYoon
78%
GFriendEunha
77.7%
SF9Chani
77.7%
The BoyzNew
77.7%
BTOBEunkwang
77.4%
Super JuniorEunhyuk
77.4%
WinnerJinwoo
77.1%
ApinkNaeun
77.1%
Block BP.O
77.1%
GFriendYuju
76.8%
Super JuniorDonghae
76.8%
Super JuniorKyuhyun
76.6%
GFriendYerin
76.3%
PentagonYuto
76.3%
PentagonWooseok
76%
The BoyzJacob
76%
Day6Sungjin
75.4%
Hint Answer % Correct
WinnerHoony
75.1%
ApinkBomi
75.1%
PentagonYanan
74%
Super JuniorYesung
74%
VIXXKen
73.2%
N.FlyingHun
72.9%
SistarBora
72.6%
ApinkChorong
72%
BTOBChangsub
71.8%
CLCElkie
71.8%
The BoyzJuyeon
71.8%
The BoyzSunwoo
71.8%
BTOBIlhoon
71.5%
ApinkEunji
71.2%
Super JuniorRyeowook
71.2%
CLCYeeun
70.3%
PentagonHongseok
69.8%
PentagonYeoOne
69.5%
VIXXHyuk
69.2%
PentagonJinho
69.2%
The BoyzJuhaknyeon
68.9%
KNKInseong
68.6%
SF9Inseong
68.6%
The RoseWoosung
68.1%
ApinkNamjoo
68.1%
SistarSoyou
67.5%
Block BB-Bomb
66.7%
SF9Zuho
66.7%
TreasureBang Yedam
66.7%
A.C.EWow
65.8%
CLCSeungyeon
65.8%
TreasureHaruto
65.8%
VIXXHongbin
65.3%
CLCEunbin
65%
The BoyzSangyeon
65%
SistarDasom
64.7%
B.A.PZelo
64.4%
BTOBHyunsik
64.4%
CLCSeunghee
64.4%
DreamcatcherDami
64.1%
The BoyzYounghoon
64.1%
Block BU-Kwon
63.8%
PentagonShinwon
63.8%
A.C.EKim Byeongkwan
63.6%
ApinkHayoung
63.6%
VictonSeungwoo
63.3%
VictonHanse
63.3%
SF9Dawon
63.3%
SF9Hwiyoung
63.3%
B.A.PYongguk
61.6%
VictonByungchan
61.6%
DreamcatcherJiU
60.5%
InfiniteSungyeol
60.2%
B1A4Baro
59%
DreamcatcherSiyeon
59%
TreasureAsahi
58.8%
CLCYujin
58.5%
VictonSubin
58.5%
B.A.PDaehyun
58.2%
Block BKyung
57.6%
TreasureMashiho
57.6%
TreasureYoshi
57.3%
InfiniteDongwoo
56.8%
InfiniteHoya
56.8%
SF9Youngbin
56.5%
TreasureJihoon
56.5%
F.T. IslandHongki
56.2%
InfiniteWoohyun
56.2%
TreasureChoi Hyunsuk
56.2%
B.A.PHimchan
55.1%
DreamcatcherGahyeon
54.8%
B1A4Sandeul
54%
Block BJaehyo
54%
SF9Jaeyoon
54%
DreamcatcherHandong
53.7%
VictonSejun
53.4%
A.C.EDonghun
53.1%
InfiniteSungjong
52.3%
VictonSeungsik
52.3%
B1A4CNU
52%
B.A.PJongup
51.7%
B1A4Gongchan
50.8%
TreasureJunkyu
50.3%
DreamcatcherYoohyeon
49.2%
TreasurePark Jeongwoo
49.2%
TreasureYoon Jaehyuk
46.3%
TreasureSo Junghwan
45.8%
The RoseDojoon
41.8%
The RoseHajoon
41.2%
The RoseJaehyeong
39.5%
N.FlyingSeunghyub
39.5%
N.FlyingHweseung
39.5%
KNKSeoham
37%
KNKHeejun
34.7%
F.T. IslandMinhwan
33.9%
KNKJihun
33.1%
N.FlyingDongsung
30.2%
F.T. IslandJaejin
28.8%
KNKDongwon
26.3%
F.T. IslandSeunghyun
23.7%

You're not logged in!

Compare scores with friends on all Sporcle quizzes.
OR
Log In

From the Vault

Click the TV Shows A-Z

by ceciliacarlid

Here's a nice little quiz for anyone whose favorite letters are 'T' & 'V'.
Remove Ads.
Support Sporcle.
Get the best of Sporcle when you Go Orange. This ad-free experience offers more features, more stats, and more fun while also helping to support Sporcle. Thank you for becoming a member.

Show Comments

Extras

Top Quizzes Today


Score Distribution

Your Account Isn't Verified!

In order to create a playlist on Sporcle, you need to verify the email address you used during registration. Go to your Sporcle Settings to finish the process.

Report this User

Report this user for behavior that violates our Community Guidelines.

Details: